Scottish rural housing rules relaxed (Record no. 72291)

MARC details
000 -LEADER
fixed length control field 01490cam a2200253 4500
001 - CONTROL NUMBER
control field WB3910-17
008 - FIXED-LENGTH DATA ELEMENTS--GENERAL INFORMATION
fixed length control field 030312n2003 000 0 eng u
035 ## - SYSTEM CONTROL NUMBER
System control number (Sirsi) u121607
245 ## - TITLE STATEMENT
Title Scottish rural housing rules relaxed
260 ## - PUBLICATION, DISTRIBUTION, ETC.
Date of publication, distribution, etc. 2003
490 ## - SERIES STATEMENT
Series statement Planning (for the Natural and Built Environment)
Volume/sequential designation 7 March 2003, (1)
520 ## - SUMMARY, ETC.
Summary, etc. The recent publication of Scottish Planning Policy 3 (SPP3) signals the need to adjust the rules restricting new housing in rural Scotland to stimulate economic and social regeneration following major changes in agriculture. SPP3 calls for development plans to include criteria for judging any rural housing proposals not specifically provided for in the plans. This could include second homes. SPP3 also stresses the importance of good housing design, guidance on which should be clearly given in development plans.Two Planning Advice Notes 38 on housing land and 67 on housing quality complement SPP3. SPP3 is available at http://www.scotland.gov.uk/library5/planning/spp3-00.asp; PAN 38 at http://www.scotland.gov.uk/library5/planning/pan38-00.asp and PAN 67 at http://www.scotland.gov.uk/library5/planning/pan67-00.asp
590 ## - LOCAL NOTE (RLIN)
Local note WB
650 ## - SUBJECT ADDED ENTRY--TOPICAL TERM
Topical term or geographic name entry element SCOTLAND
650 ## - SUBJECT ADDED ENTRY--TOPICAL TERM
Topical term or geographic name entry element SPP3
650 ## - SUBJECT ADDED ENTRY--TOPICAL TERM
Topical term or geographic name entry element PAN38
650 ## - SUBJECT ADDED ENTRY--TOPICAL TERM
Topical term or geographic name entry element PAN67
650 ## - SUBJECT ADDED ENTRY--TOPICAL TERM
Topical term or geographic name entry element DEVELOPMENT PLANNING
650 ## - SUBJECT ADDED ENTRY--TOPICAL TERM
Topical term or geographic name entry element RURAL HOUSING
650 ## - SUBJECT ADDED ENTRY--TOPICAL TERM
Topical term or geographic name entry element HOUSING LAND
650 ## - SUBJECT ADDED ENTRY--TOPICAL TERM
Topical term or geographic name entry element HOUSING QUALITY
690 ## - LOCAL SUBJECT ADDED ENTRY--TOPICAL TERM (OCLC, RLIN)
Topical term or geographic name as entry element ENVIRONMENTAL AND LAND CONSULTANCY-PLANNING AND DEVELOPMENT
942 ## - ADDED ENTRY ELEMENTS (KOHA)
Suppress in OPAC 0
Holdings
Withdrawn status Lost status Source of classification or shelving scheme Damaged status Not for loan Home library Current library Shelving location Date acquired Total Checkouts Full call number Barcode Date last seen Copy number Price effective from Koha item type
    Dewey Decimal Classification     London London News article 12/03/2003   WB3910-17) 121607-1001 06/08/2019 1 06/08/2019 News article